| 000 | 01189nam a2200241Ia 4500 | ||
|---|---|---|---|
| 999 |
_c39211 _d39211 |
||
| 001 | 5797 | ||
| 003 | GE_BSU | ||
| 005 | 20190620143932.0 | ||
| 008 | 181216s1238||||ge |||||||||||||| ||geo|| | ||
| 040 | _cGE_BSU | ||
| 041 | _ageo | ||
| 080 | _a681.51(072) მ-30 | ||
| 100 |
_aგოგიჩაიშვილი, გ. _91123 |
||
| 245 |
_aმართვის ავტომატიზებული სისტემების დაპროექტება / _cგ. გოგიჩაიშვილი, თ. შეროზია, ზ. შურღაია ; რედ. ე. გიორგაძე |
||
| 264 |
_aთბილისი : _bსტუ, _c1999. |
||
| 300 |
_a25 გვ. ; _c29 სმ. |
||
| 653 | _aმართვის ავტომატიზებული სისტემები | ||
| 700 |
_aგოგიჩაიშვილი, გ. _eშემდგენელი _91123 |
||
| 700 |
_aშეროზია, თ. _eშემდგენელი _92655 |
||
| 700 |
_a შურღაია, ზ. _eშემდგენელი _92656 |
||
| 700 |
_aგიორგაძე, ე. _eრედაქტორი _9398 |
||
| 942 |
_cBK _2udc |
||